Cities of San Bernardino County on a map - Statistics

General Stats
  • This quiz has been taken 792 times
  • The average score is 15 of 24
Answers on the Map
Answers color-coded by a green-red scale on the quiz's map according to % correct below.
 
Answer Stats
Answer % Correct
San Bernardino
97%
Ontario
79%
Victorville
79%
Rancho Cucamonga
73%
Fontana
72%
Apple Valley
70%
Barstow
70%
Hesperia
69%
Chino
65%
Chino Hills
64%
Redlands
63%
Big Bear Lake
62%
Needles
59%
Upland
58%
Rialto
56%
Montclair
54%
Highland
52%
Twentynine Palms
50%
Yucaipa
50%
Colton
48%
Adelanto
43%
Yucca Valley
43%
Loma Linda
41%
Grand Terrace
35%
No matching quizzes found
Score Distribution
Percent of People with Each Score
Percentile by Number Answered
Your Score History
You have not taken this quiz